[Event "ABC-4 2025 Groep A"]
[Site "Utrecht"]
[Date "2025.03.16"]
[Round "5.7"]
[White "Luong, Thao"]
[Black "Ramdien, Steven"]
[Result "0-1"]
[WhiteFideId "8890816"]
[BlackFideId "8722626"]
[WhiteElo "1838"]
[BlackElo "1876"]

1. e4 {[%clk 00:55:19]} c5 {[%clk 00:55:14]} {[%emt 00:00:06]} 2. Nf3 {[%clk
00:55:25]} {[%emt 00:00:04]} e6 {[%clk 00:55:18]} {[%emt 00:00:06]} 3. d4
{[%clk 00:55:32]} {[%emt 00:00:03]} cxd4 {[%clk 00:55:16]} {[%emt 00:00:12]} 4.
Nxd4 {[%clk 00:55:38]} {[%emt 00:00:04]} Nc6 {[%clk 00:55:03]} {[%emt
00:00:23]} 5. c4 {[%clk 00:55:39]} {[%emt 00:00:09]} Nf6 {[%clk 00:54:44]}
{[%emt 00:00:29]} 6. Nc3 {[%clk 00:55:43]} {[%emt 00:00:05]} Bb4 {[%clk
00:54:15]} {[%emt 00:00:37]} 7. Nxc6 {[%clk 00:54:52]} {[%emt 00:01:04]} bxc6
{[%clk 00:54:05]} {[%emt 00:00:21]} 8. Qf3 {[%clk 00:53:02]} {[%emt 00:01:59]}
Qa5 {[%clk 00:42:43]} {[%emt 00:11:32]} 9. Bd2 {[%clk 00:52:11]} {[%emt
00:01:01]} O-O {[%clk 00:40:52]} {[%emt 00:02:02]} 10. Be2 {[%clk 00:49:57]}
{[%emt 00:02:24]} e5 {[%clk 00:39:27]} {[%emt 00:01:34]} 11. O-O {[%clk
00:48:30]} {[%emt 00:01:36]} Qc7 {[%clk 00:37:36]} {[%emt 00:02:02]} 12. Nb5
{[%clk 00:44:40]} {[%emt 00:04:01]} Qa5 {[%clk 00:36:52]} {[%emt 00:00:52]} 13.
Nc3 {[%clk 00:41:49]} {[%emt 00:03:03]} Bxc3 {[%clk 00:34:49]} {[%emt
00:02:13]} 14. Bxc3 {[%clk 00:39:31]} {[%emt 00:02:28]} Qc7 {[%clk 00:34:53]}
{[%emt 00:00:06]} 15. Qe3 {[%clk 00:38:08]} {[%emt 00:01:32]} d6 {[%clk
00:32:01]} {[%emt 00:03:01]} 16. f4 {[%clk 00:37:02]} {[%emt 00:01:17]} Re8
{[%clk 00:30:05]} {[%emt 00:02:06]} 17. fxe5 {[%clk 00:36:36]} {[%emt
00:00:37]} dxe5 {[%clk 00:30:08]} {[%emt 00:00:07]} 18. Qd3 {[%clk 00:32:18]}
{[%emt 00:04:26]} c5 {[%clk 00:26:28]} {[%emt 00:03:51]} 19. Rad1 {[%clk
00:30:54]} {[%emt 00:01:33]} Bb7 {[%clk 00:26:16]} {[%emt 00:00:23]} 20. Rxf6
{[%clk 00:26:45]} {[%emt 00:04:19]} gxf6 {[%clk 00:23:56]} {[%emt 00:02:30]} 21.
Rf1 {[%clk 00:25:38]} {[%emt 00:01:17]} Qc6 {[%clk 00:23:17]} {[%emt 00:00:50]}
22. Qg3+ {[%clk 00:23:28]} {[%emt 00:02:20]} Kf8 {[%clk 00:21:36]} {[%emt
00:01:49]} 23. Bd2 {[%clk 00:15:40]} {[%emt 00:07:59]} Ke7 {[%clk 00:15:51]}
{[%emt 00:05:54]} 24. Qh4 {[%clk 00:12:08]} {[%emt 00:03:43]} Rg8 {[%clk
00:13:23]} {[%emt 00:02:38]} 25. Bh5 {[%clk 00:10:13]} {[%emt 00:02:05]} Rad8
{[%clk 00:08:55]} {[%emt 00:04:38]} 26. Bc3 {[%clk 00:09:20]} {[%emt 00:01:03]}
Rg5 {[%clk 00:08:29]} {[%emt 00:00:36]} 27. Bxf7 {[%clk 00:04:51]} {[%emt
00:04:40]} Qxe4 {[%clk 00:07:26]} {[%emt 00:01:12]} 28. Qxe4 {[%clk 00:04:29]}
{[%emt 00:00:32]} Bxe4 {[%clk 00:06:57]} {[%emt 00:00:39]} 29. Bd5 {[%clk
00:04:18]} {[%emt 00:00:21]} Bxd5 {[%clk 00:07:02]} {[%emt 00:00:06]} 30. cxd5
{[%clk 00:04:26]} {[%emt 00:00:02]} Rxd5 {[%clk 00:07:03]} {[%emt 00:00:09]} 31.
Rc1 {[%clk 00:04:02]} {[%emt 00:00:33]} Rg4 {[%clk 00:06:13]} {[%emt 00:00:58]}
32. h3 {[%clk 00:04:10]} {[%emt 00:00:05]} Re4 {[%clk 00:05:57]} {[%emt
00:00:25]} 33. Kf2 {[%clk 00:04:03]} {[%emt 00:00:18]} Kd6 {[%clk 00:05:20]}
{[%emt 00:00:47]} 34. a3 {[%clk 00:04:07]} {[%emt 00:00:06]} h5 {[%clk
00:04:34]} {[%emt 00:00:55]} 35. b4 {[%clk 00:04:10]} {[%emt 00:00:08]} Kc6
{[%clk 00:04:12]} {[%emt 00:00:31]} 36. Be1 {[%clk 00:03:41]} {[%emt 00:00:39]}
c4 {[%clk 00:04:07]} {[%emt 00:00:15]} 37. Kf3 {[%clk 00:03:44]} {[%emt
00:00:07]} f5 {[%clk 00:04:06]} {[%emt 00:00:12]} 38. g4 {[%clk 00:03:50]}
{[%emt 00:00:04]} Rd3+ {[%clk 00:04:12]} {[%emt 00:00:03]} 39. Kg2 {[%clk
00:03:41]} {[%emt 00:00:17]} fxg4 {[%clk 00:04:09]} {[%emt 00:00:16]} 40. hxg4
{[%clk 00:03:48]} {[%emt 00:00:03]} hxg4 {[%clk 00:04:11]} {[%emt 00:00:08]} 41.
a4 {[%clk 00:03:34]} {[%emt 00:00:24]} Kd5 {[%clk 00:03:47]} {[%emt 00:00:32]}
42. b5 {[%clk 00:03:22]} {[%emt 00:00:24]} g3 {[%clk 00:03:00]} {[%emt
00:00:56]} 43. Bxg3 {[%clk 00:02:44]} {[%emt 00:00:48]} Rg4 {[%clk 00:03:08]}
{[%emt 00:00:02]} 44. Kf2 {[%clk 00:02:46]} {[%emt 00:00:09]} Rdxg3 {[%clk
00:03:10]} {[%emt 00:00:07]} 45. a5 {[%clk 00:02:54]} {[%emt 00:00:02]} Rg2+
{[%clk 00:03:03]} {[%emt 00:00:17]} 0-1

[Event "ABC-4 2025 Groep A"]
[Site "Utrecht"]
[Date "2025.03.16"]
[Round "5.8"]
[White "Hage, Ruben"]
[Black "Zhang, Jinchen"]
[Result "1-0"]
[WhiteFideId "8606444"]
[BlackFideId "9011090"]
[WhiteElo "1779"]
[BlackElo "1747"]

1. c4 {[%clk 00:55:19]} Nf6 {[%clk 00:55:11]} {[%emt 00:00:10]} 2. Nc3 {[%clk
00:55:25]} {[%emt 00:00:04]} c6 {[%clk 00:55:00]} {[%emt 00:00:21]} 3. d4
{[%clk 00:55:13]} {[%emt 00:00:22]} d5 {[%clk 00:54:54]} {[%emt 00:00:17]} 4.
g3 {[%clk 00:55:16]} {[%emt 00:00:07]} Bf5 {[%clk 00:53:42]} {[%emt 00:01:23]}
5. Bg2 {[%clk 00:55:16]} {[%emt 00:00:09]} e6 {[%clk 00:53:47]} {[%emt
00:00:05]} 6. Nf3 {[%clk 00:55:12]} {[%emt 00:00:14]} h6 {[%clk 00:53:43]}
{[%emt 00:00:14]} 7. O-O {[%clk 00:55:10]} {[%emt 00:00:12]} dxc4 {[%clk
00:53:35]} {[%emt 00:00:18]} 8. Re1 {[%clk 00:53:09]} {[%emt 00:02:11]} Nbd7
{[%clk 00:52:54]} {[%emt 00:00:51]} 9. e4 {[%clk 00:52:44]} {[%emt 00:00:35]}
Bg4 {[%clk 00:51:26]} {[%emt 00:01:37]} 10. h3 {[%clk 00:52:44]} {[%emt
00:00:11]} Bxf3 {[%clk 00:51:26]} {[%emt 00:00:10]} 11. Bxf3 {[%clk 00:52:47]}
{[%emt 00:00:07]} Be7 {[%clk 00:51:23]} {[%emt 00:00:13]} 12. e5 {[%clk
00:52:44]} {[%emt 00:00:13]} Nd5 {[%clk 00:50:43]} {[%emt 00:00:50]} 13. Qe2
{[%clk 00:51:53]} {[%emt 00:01:01]} b5 {[%clk 00:47:23]} {[%emt 00:03:30]} 14.
Ne4 {[%clk 00:47:48]} {[%emt 00:04:14]} O-O {[%clk 00:45:40]} {[%emt 00:01:53]}
15. Bd2 {[%clk 00:47:10]} {[%emt 00:00:49]} N7b6 {[%clk 00:43:29]} {[%emt
00:02:21]} 16. b3 {[%clk 00:44:28]} {[%emt 00:02:52]} a5 {[%clk 00:39:21]}
{[%emt 00:04:18]} 17. Rec1 {[%clk 00:42:13]} {[%emt 00:02:25]} a4 {[%clk
00:35:50]} {[%emt 00:03:42]} 18. Nc5 {[%clk 00:35:17]} {[%emt 00:07:05]} Qc7
{[%clk 00:32:04]} {[%emt 00:03:56]} 19. Be4 {[%clk 00:30:34]} {[%emt 00:04:53]}
axb3 {[%clk 00:28:31]} {[%emt 00:03:43]} 20. axb3 {[%clk 00:30:21]} {[%emt
00:00:23]} Rxa1 {[%clk 00:28:15]} 21. Rxa1 {[%clk 00:30:30]} {[%emt 00:00:26]}
c3 {[%clk 00:28:08]} {[%emt 00:00:18]} 22. Be3 {[%clk 00:26:28]} {[%emt
00:04:12]} b4 {[%clk 00:25:42]} {[%emt 00:02:37]} 23. Bxh6 {[%clk 00:20:41]}
{[%emt 00:05:56]} gxh6 {[%clk 00:19:26]} {[%emt 00:06:26]} 24. Qg4+ {[%clk
00:20:22]} {[%emt 00:00:29]} Kh8 {[%clk 00:19:10]} {[%emt 00:00:26]} 25. Nxe6
{[%clk 00:19:45]} {[%emt 00:00:47]} fxe6 {[%clk 00:18:46]} {[%emt 00:00:34]} 26.
Qg6 {[%clk 00:19:35]} {[%emt 00:00:19]} Bd8 {[%clk 00:17:40]} {[%emt 00:01:17]}
27. Qxh6+ {[%clk 00:19:23]} {[%emt 00:00:22]} Kg8 {[%clk 00:17:36]} {[%emt
00:00:13]} 28. Qxe6+ {[%clk 00:19:05]} {[%emt 00:00:28]} Kh8 {[%clk 00:15:26]}
{[%emt 00:02:21]} 29. Qh6+ {[%clk 00:16:08]} {[%emt 00:03:07]} Kg8 {[%clk
00:15:25]} {[%emt 00:00:12]} 30. f4 {[%clk 00:12:32]} {[%emt 00:03:46]} Qg7
{[%clk 00:14:29]} {[%emt 00:01:06]} 31. Qxg7+ {[%clk 00:11:07]} {[%emt
00:01:35]} Kxg7 {[%clk 00:14:27]} {[%emt 00:00:12]} 32. f5 {[%clk 00:10:32]}
{[%emt 00:00:45]} Ne3 {[%clk 00:13:45]} {[%emt 00:00:53]} 33. g4 {[%clk
00:09:50]} {[%emt 00:00:52]} Nbd5 {[%clk 00:12:39]} {[%emt 00:01:15]} 34. Kf2
{[%clk 00:09:01]} {[%emt 00:00:59]} c2 {[%clk 00:11:22]} {[%emt 00:01:27]} 35.
f6+ {[%clk 00:06:23]} {[%emt 00:02:48]} Bxf6 {[%clk 00:10:20]} {[%emt
00:01:11]} 36. exf6+ {[%clk 00:06:28]} {[%emt 00:00:06]} Rxf6+ {[%clk
00:10:23]} {[%emt 00:00:07]} 37. Ke2 {[%clk 00:06:18]} {[%emt 00:00:20]} Rh6
{[%clk 00:09:13]} {[%emt 00:01:20]} 38. Rh1 {[%clk 00:05:20]} {[%emt 00:01:07]}
Nxg4 {[%clk 00:08:27]} {[%emt 00:00:57]} 39. Rg1 {[%clk 00:04:43]} {[%emt
00:00:48]} Kf6 {[%clk 00:07:42]} {[%emt 00:00:55]} 40. hxg4 {[%clk 00:04:25]}
{[%emt 00:00:28]} Nc3+ {[%clk 00:07:32]} {[%emt 00:00:20]} 41. Kd3 {[%clk
00:04:15]} {[%emt 00:00:19]} Rh3+ {[%clk 00:07:22]} {[%emt 00:00:20]} 42. Kxc2
{[%clk 00:04:18]} {[%emt 00:00:07]} Nxe4 {[%clk 00:07:20]} {[%emt 00:00:13]} 43.
Rf1+ {[%clk 00:04:00]} {[%emt 00:00:27]} Kg5 {[%emt 00:00:25]} 44. Re1 {[%clk
00:03:44]} {[%emt 00:00:17]} Nf6 {[%clk 00:06:35]} {[%emt 00:00:50]} 45. Re5+
{[%clk 00:03:23]} {[%emt 00:00:31]} Kg6 {[%clk 00:06:31]} {[%emt 00:00:14]} 46.
g5 {[%clk 00:03:20]} {[%emt 00:00:12]} Rc3+ {[%clk 00:06:27]} {[%emt 00:00:15]}
47. Kb2 {[%clk 00:03:27]} {[%emt 00:00:02]} Nh7 {[%clk 00:06:10]} {[%emt
00:00:27]} 48. Re8 {[%clk 00:03:31]} {[%emt 00:00:06]} Kxg5 {[%clk 00:05:50]}
{[%emt 00:00:30]} 49. Rb8 {[%clk 00:03:36]} {[%emt 00:00:05]} Nf6 {[%clk
00:05:14]} {[%emt 00:00:46]} 50. Rxb4 {[%clk 00:03:38]} {[%emt 00:00:08]} Nd5
{[%clk 00:05:07]} {[%emt 00:00:17]} 51. Rb8 {[%clk 00:03:09]} {[%emt 00:00:38]}
Kf4 {[%clk 00:04:42]} {[%emt 00:00:36]} 52. Rd8 {[%clk 00:03:13]} {[%emt
00:00:06]} Ke4 {[%clk 00:04:35]} {[%emt 00:00:18]} 53. Rxd5 {[%clk 00:03:09]}
{[%emt 00:00:14]} Rd3 {[%clk 00:04:18]} {[%emt 00:00:27]} 54. Rc5 {[%clk
00:03:14]} {[%emt 00:00:05]} Rxd4 {[%clk 00:04:10]} {[%emt 00:00:17]} 55. Rxc6
{[%clk 00:03:22]} {[%emt 00:00:02]} Kd5 {[%clk 00:04:17]} {[%emt 00:00:03]} 56.
Rc8 {[%clk 00:03:30]} {[%emt 00:00:02]} Rb4 {[%clk 00:03:58]} {[%emt 00:00:29]}
57. Kc3 {[%clk 00:03:36]} {[%emt 00:00:04]} Rb6 {[%clk 00:03:42]} {[%emt
00:00:26]} 58. Rh8 {[%clk 00:03:38]} {[%emt 00:00:04]} Rc6+ {[%clk 00:03:49]}
{[%emt 00:00:07]} 59. Kb4 {[%clk 00:03:47]} {[%emt 00:00:01]} Rb6+ {[%clk
00:03:54]} {[%emt 00:00:05]} 60. Ka4 {[%clk 00:03:56]} Ra6+ {[%clk 00:04:01]}
{[%emt 00:00:02]} 61. Kb5 {[%clk 00:04:05]} Ra3 {[%clk 00:03:30]} {[%emt
00:00:41]} 62. b4 {[%clk 00:04:13]} {[%emt 00:00:03]} Ra7 {[%clk 00:03:27]}
{[%emt 00:00:13]} 63. Rd8 {[%clk 00:04:19]} {[%emt 00:00:03]} Ke6 {[%clk
00:03:35]} {[%emt 00:00:03]} 64. Kb6 {[%clk 00:04:27]} {[%emt 00:00:01]} Ra1
{[%clk 00:03:21]} {[%emt 00:00:24]} 65. b5 {[%clk 00:04:34]} {[%emt 00:00:03]}
Rb1 {[%clk 00:03:29]} {[%emt 00:00:02]} 66. Rd3 {[%clk 00:04:36]} {[%emt
00:00:08]} Ke7 {[%clk 00:03:35]} {[%emt 00:00:04]} 67. Ka6 {[%clk 00:04:43]}
{[%emt 00:00:03]} Ra1+ {[%clk 00:03:32]} {[%emt 00:00:14]} 68. Kb7 {[%clk
00:04:52]} Rb1 {[%clk 00:03:27]} {[%emt 00:00:14]} 69. b6 {[%clk 00:05:01]}
{[%emt 00:00:02]} Ke6 {[%clk 00:03:25]} {[%emt 00:00:12]} 70. Kc7 {[%clk
00:05:06]} {[%emt 00:00:04]} Rc1+ {[%clk 00:03:30]} {[%emt 00:00:04]} 71. Kb8
{[%clk 00:05:14]} {[%emt 00:00:02]} Rb1 {[%clk 00:03:32]} {[%emt 00:00:09]} 72.
b7 {[%clk 00:05:23]} Ke7 {[%clk 00:03:40]} {[%emt 00:00:02]} 73. Rd4 {[%clk
00:04:39]} {[%emt 00:00:54]} Ke6 {[%clk 00:03:35]} {[%emt 00:00:15]} 74. Ka7
{[%clk 00:04:38]} {[%emt 00:00:12]} Ra1+ {[%clk 00:03:42]} {[%emt 00:00:02]} 75.
Kb6 {[%clk 00:04:46]} {[%emt 00:00:02]} Rb1+ {[%clk 00:03:49]} {[%emt
00:00:03]} 76. Kc6 {[%clk 00:04:53]} {[%emt 00:00:04]} Rc1+ {[%clk 00:03:55]}
{[%emt 00:00:04]} 77. Kb5 {[%clk 00:05:01]} Ke7 {[%clk 00:03:35]} {[%emt
00:00:29]} 78. b8=Q {[%clk 00:05:06]} {[%emt 00:00:06]} Rb1+ {[%clk 00:03:42]}
{[%emt 00:00:04]} 79. Rb4 {[%clk 00:05:14]} {[%emt 00:00:07]} 1-0

[Event "ABC-4 2025 Groep A"]
[Site "Utrecht"]
[Date "2025.03.16"]
[Round "5.9"]
[White "Stoppels, Isabella"]
[Black "Van Diggele, Merijn"]
[Result "0-1"]
[WhiteFideId "8759905"]
[BlackFideId "8707908"]
[WhiteElo "1360"]
[BlackElo "1673"]

1. e4 {[%clk 00:55:18]} {[%emt 00:00:02]} g6 {[%clk 00:55:18]} {[%emt
00:00:03]} 2. d4 {[%clk 00:55:12]} {[%emt 00:00:16]} d6 {[%clk 00:55:24]}
{[%emt 00:00:03]} 3. Nf3 {[%clk 00:54:19]} {[%emt 00:01:03]} Bg7 {[%clk
00:55:27]} {[%emt 00:00:07]} 4. b3 {[%clk 00:53:29]} {[%emt 00:01:01]} c5
{[%clk 00:55:21]} {[%emt 00:00:16]} 5. Bb2 {[%clk 00:52:29]} {[%emt 00:01:11]}
a6 {[%clk 00:55:11]} {[%emt 00:00:19]} 6. a4 {[%clk 00:51:08]} {[%emt
00:01:31]} Nd7 {[%clk 00:54:33]} {[%emt 00:00:48]} 7. Bc4 {[%clk 00:50:42]}
{[%emt 00:00:36]} Ngf6 {[%clk 00:54:19]} {[%emt 00:00:23]} 8. d5 {[%clk
00:49:16]} {[%emt 00:01:37]} O-O {[%clk 00:54:07]} {[%emt 00:00:23]} 9. Nc3
{[%clk 00:48:02]} {[%emt 00:01:24]} Nxe4 {[%clk 00:53:00]} {[%emt 00:01:17]} 10.
Qd3 {[%clk 00:46:08]} {[%emt 00:02:02]} Nxc3 {[%clk 00:51:02]} {[%emt
00:02:10]} 11. Bxc3 {[%clk 00:46:01]} {[%emt 00:00:16]} Bxc3+ {[%clk 00:51:08]}
{[%emt 00:00:04]} 12. Qxc3 {[%clk 00:46:04]} {[%emt 00:00:07]} Nb6 {[%clk
00:50:50]} {[%emt 00:00:28]} 13. O-O {[%clk 00:42:25]} {[%emt 00:03:49]} Bd7
{[%clk 00:49:52]} {[%emt 00:01:08]} 14. a5 {[%clk 00:38:26]} {[%emt 00:04:10]}
Nxc4 {[%clk 00:49:54]} {[%emt 00:00:08]} 15. bxc4 {[%clk 00:35:02]} {[%emt
00:03:34]} e5 {[%clk 00:49:28]} {[%emt 00:00:36]} 16. dxe6 {[%clk 00:32:14]}
{[%emt 00:02:57]} Bxe6 {[%clk 00:49:12]} {[%emt 00:00:26]} 17. Nd2 {[%clk
00:27:57]} {[%emt 00:04:26]} Qe7 {[%clk 00:46:41]} {[%emt 00:02:42]} 18. Ne4
{[%clk 00:26:01]} {[%emt 00:02:06]} f5 {[%clk 00:45:49]} {[%emt 00:01:03]} 19.
Ng3 {[%clk 00:23:17]} {[%emt 00:02:54]} Qf6 {[%clk 00:45:30]} {[%emt 00:00:29]}
20. Qxf6 {[%clk 00:21:09]} {[%emt 00:02:17]} Rxf6 {[%clk 00:45:32]} {[%emt
00:00:09]} 21. Ra4 {[%clk 00:20:30]} {[%emt 00:00:48]} Bd7 {[%clk 00:45:29]}
{[%emt 00:00:13]} 22. Ra3 {[%clk 00:20:02]} {[%emt 00:00:38]} Bc6 {[%clk
00:45:15]} {[%emt 00:00:24]} 23. Re1 {[%clk 00:19:16]} {[%emt 00:00:56]} Kf7
{[%clk 00:44:07]} {[%emt 00:01:18]} 24. Ne2 {[%clk 00:17:15]} {[%emt 00:02:11]}
Re8 {[%clk 00:43:59]} {[%emt 00:00:19]} 25. Kf1 {[%clk 00:15:15]} {[%emt
00:02:09]} Rfe6 {[%clk 00:43:33]} {[%emt 00:00:36]} 26. Rh3 {[%clk 00:14:02]}
{[%emt 00:01:22]} h5 {[%clk 00:43:16]} {[%emt 00:00:26]} 27. Ra3 {[%clk
00:11:31]} {[%emt 00:02:42]} Bxg2+ {[%clk 00:42:21]} {[%emt 00:01:06]} 28. Kxg2
{[%clk 00:11:04]} {[%emt 00:00:36]} Rxe2 {[%clk 00:42:25]} {[%emt 00:00:06]} 29.
Rd1 {[%clk 00:10:25]} {[%emt 00:00:49]} Rd8 {[%clk 00:41:14]} {[%emt 00:01:21]}
30. Rb3 {[%clk 00:09:58]} {[%emt 00:00:37]} Rd7 {[%clk 00:41:01]} {[%emt
00:00:23]} 31. Rb6 {[%clk 00:09:53]} {[%emt 00:00:16]} Ke7 {[%clk 00:40:05]}
{[%emt 00:01:06]} 32. Kg3 {[%clk 00:08:43]} {[%emt 00:01:20]} Re4 {[%clk
00:38:55]} {[%emt 00:01:20]} 33. f3 {[%clk 00:08:18]} {[%emt 00:00:34]} Rxc4
{[%clk 00:38:06]} {[%emt 00:01:00]} 34. Re1+ {[%clk 00:07:38]} {[%emt
00:00:49]} Kf6 {[%clk 00:38:10]} {[%emt 00:00:07]} 35. Rd1 {[%clk 00:07:28]}
{[%emt 00:00:20]} Ke6 {[%clk 00:37:46]} {[%emt 00:00:34]} 36. Re1+ {[%clk
00:07:23]} {[%emt 00:00:16]} Kd5 {[%clk 00:37:47]} {[%emt 00:00:08]} 37. Rd1+
{[%clk 00:07:10]} {[%emt 00:00:23]} Rd4 {[%clk 00:37:22]} {[%emt 00:00:35]} 38.
Re1 {[%clk 00:06:39]} {[%emt 00:00:41]} Rb4 {[%clk 00:36:08]} {[%emt 00:01:24]}
39. c4+ {[%clk 00:06:16]} {[%emt 00:00:33]} Kxc4 {[%clk 00:35:36]} {[%emt
00:00:42]} 40. Rc1+ {[%clk 00:06:17]} {[%emt 00:00:09]} Kb3 {[%clk 00:34:09]}
{[%emt 00:01:37]} 41. Rb1+ {[%clk 00:06:21]} {[%emt 00:00:07]} Kc3 {[%clk
00:34:08]} {[%emt 00:00:11]} 42. Rc1+ {[%clk 00:06:16]} {[%emt 00:00:15]} Kb2
{[%clk 00:34:12]} {[%emt 00:00:05]} 43. Rxb4+ {[%clk 00:05:24]} {[%emt
00:01:02]} cxb4 {[%clk 00:34:11]} {[%emt 00:00:11]} 44. Re1 {[%clk 00:05:10]}
{[%emt 00:00:24]} Ka3 {[%clk 00:34:08]} {[%emt 00:00:13]} 45. Re6 {[%clk
00:05:01]} {[%emt 00:00:19]} b3 {[%clk 00:34:10]} {[%emt 00:00:09]} 46. Rxg6
{[%clk 00:05:00]} {[%emt 00:00:10]} b2 {[%clk 00:34:07]} {[%emt 00:00:13]} 0-1